<?xml version="1.0" encoding="UTF-8"?><marc:collection xmlns:marc="http://www.loc.gov/MARC21/slim">
  <marc:record>
    <marc:leader>00000nam  2200000za 4500</marc:leader>
    <marc:controlfield tag="001">9.859863</marc:controlfield>
    <marc:controlfield tag="003">CaOODSP</marc:controlfield>
    <marc:controlfield tag="005">20221107160342</marc:controlfield>
    <marc:controlfield tag="007">cr |||||||||||</marc:controlfield>
    <marc:controlfield tag="008">180731s2012    oncbdo #ob   f000 0 fre d</marc:controlfield>
    <marc:datafield tag="040" ind1=" " ind2=" ">
      <marc:subfield code="a">CaOODSP</marc:subfield>
      <marc:subfield code="b">fre</marc:subfield>
    </marc:datafield>
    <marc:datafield tag="041" ind1=" " ind2=" ">
      <marc:subfield code="a">fre</marc:subfield>
      <marc:subfield code="b">eng</marc:subfield>
      <marc:subfield code="b">spa</marc:subfield>
    </marc:datafield>
    <marc:datafield tag="043" ind1=" " ind2=" ">
      <marc:subfield code="a">n-cn---</marc:subfield>
      <marc:subfield code="a">n-us---</marc:subfield>
      <marc:subfield code="a">n-mx---</marc:subfield>
    </marc:datafield>
    <marc:datafield tag="086" ind1="1" ind2=" ">
      <marc:subfield code="a">CW66-393/2012F-PDF</marc:subfield>
    </marc:datafield>
    <marc:datafield tag="245" ind1="0" ind2="0">
      <marc:subfield code="a">Plan nord-américain de gestion de la sauvagine pour 2012 </marc:subfield>
      <marc:subfield code="h">[ressource électronique] : </marc:subfield>
      <marc:subfield code="b">les gens au service de la conservation de la sauvagine et des terres humides.</marc:subfield>
    </marc:datafield>
    <marc:datafield tag="246" ind1="1" ind2="0">
      <marc:subfield code="a">Gens au service de la conservation de la sauvagine et des terres humides</marc:subfield>
    </marc:datafield>
    <marc:datafield tag="260" ind1=" " ind2=" ">
      <marc:subfield code="a">[Gatineau, Québec?] : </marc:subfield>
      <marc:subfield code="b">Environnement Canada, </marc:subfield>
      <marc:subfield code="c">2012.</marc:subfield>
    </marc:datafield>
    <marc:datafield tag="300" ind1=" " ind2=" ">
      <marc:subfield code="a">xx, 48 p. : </marc:subfield>
      <marc:subfield code="b">cartes, graphiques, photographies</marc:subfield>
    </marc:datafield>
    <marc:datafield tag="500" ind1=" " ind2=" ">
      <marc:subfield code="a">Titre pris sur la couv.</marc:subfield>
    </marc:datafield>
    <marc:datafield tag="500" ind1=" " ind2=" ">
      <marc:subfield code="a">Publ. aussi en anglais sous le titre : North American Waterfowl Management Plan 2012 : people conserving waterfowl and wetlands.</marc:subfield>
    </marc:datafield>
    <marc:datafield tag="504" ind1=" " ind2=" ">
      <marc:subfield code="a">Comprend des réf. bibliogr.</marc:subfield>
    </marc:datafield>
    <marc:datafield tag="520" ind1=" " ind2=" ">
      <marc:subfield code="a">« Au cours de ses 25 premières années d’existence, le Plan nord américain de gestion de la sauvagine (PNAGS) s’est imposé sur la scène internationale comme un modèle de conservation de la faune. Cela est dû en bonne partie à son évolution et à un engagement à grande échelle dans la conservation de la sauvagine. Les mises à jour antérieures du plan – celle de 1994 avec l’adhésion du Mexique, puis celles de 1998 et de 2004 – avaient comme principal objectif de décrire l’abondance des populations de sauvagine grâce à un programme de conservation à grande échelle conjoint de ses habitats. Le renouvellement de 2012 du plan se veut une révision par rapport aux mises à jour précédentes, car pour la première fois de son histoire, on en révise les objectifs fondamentaux. Nous avons revu ses objectifs grâce à une consultation élargie des intervenants, notamment auprès des organismes fédéraux, provinciaux, territoriaux et non gouvernementaux et auprès des États membres de la communauté vouée à la gestion continentale de la sauvagine » -- Préface, p. iv.</marc:subfield>
    </marc:datafield>
    <marc:datafield tag="546" ind1=" " ind2=" ">
      <marc:subfield code="a">En français avec pages des signatures ministérielles et préface en anglais et espagnol.</marc:subfield>
    </marc:datafield>
    <marc:datafield tag="692" ind1="0" ind2="7">
      <marc:subfield code="2">gccst</marc:subfield>
      <marc:subfield code="a">Oiseau aquatique</marc:subfield>
    </marc:datafield>
    <marc:datafield tag="692" ind1="0" ind2="7">
      <marc:subfield code="2">gccst</marc:subfield>
      <marc:subfield code="a">Zone humide</marc:subfield>
    </marc:datafield>
    <marc:datafield tag="692" ind1="0" ind2="7">
      <marc:subfield code="2">gccst</marc:subfield>
      <marc:subfield code="a">Gestion de l'environnement</marc:subfield>
    </marc:datafield>
    <marc:datafield tag="710" ind1="1" ind2=" ">
      <marc:subfield code="a">Canada. </marc:subfield>
      <marc:subfield code="b">Environnement Canada.</marc:subfield>
    </marc:datafield>
    <marc:datafield tag="775" ind1="0" ind2="8">
      <marc:subfield code="t">North American Waterfowl Management Plan 2012 </marc:subfield>
      <marc:subfield code="w">(CaOODSP)9.859857</marc:subfield>
    </marc:datafield>
    <marc:datafield tag="794" ind1=" " ind2=" ">
      <marc:subfield code="t">2018 mise à jour du Plan nord-américain de gestion de la sauvagine (PNAGS) : </marc:subfield>
      <marc:subfield code="w">(CaOODSP)9.859475</marc:subfield>
    </marc:datafield>
    <marc:datafield tag="795" ind1=" " ind2=" ">
      <marc:subfield code="t">Plan nord-américain de gestion de la sauvagine </marc:subfield>
      <marc:subfield code="w">(CaOODSP)9.642983</marc:subfield>
    </marc:datafield>
    <marc:datafield tag="856" ind1="4" ind2="0">
      <marc:subfield code="q">PDF</marc:subfield>
      <marc:subfield code="s">2.61 Mo</marc:subfield>
      <marc:subfield code="u">https://publications.gc.ca/collections/collection_2018/eccc/CW66-393-2012-fra.pdf</marc:subfield>
    </marc:datafield>
  </marc:record>
</marc:collection>
